Polymer-Blends : Struktur.Eigenschaften.Verarbeitung /

Gespeichert in:
Bibliographische Detailangaben
Weitere Verfasser: Jungnickel, Bernd-Joachim (Zusammenstellung)
Format: Buch
Sprache:Deutsch
Veröffentlicht: Munchen : Carl Hanser Verlag, 1990
Schriftenreihe:Polydoc Polymerwerkstoffe in Dokumentationen
Tags: Tag hinzufügen
Keine Tags, Fügen Sie das erste Tag hinzu!

MARC

LEADER 00000nam a22000003a 4500
001 stu22195
005 20150617225751.3
008 940125s1990----gw------------------ger-d
020 |a 3-446-15916-9 
040 |a STU  |b slo 
041 0 |a ger 
044 |a gw 
080 |a 678.02 
100 1 |a Jungnickel, Bernd-Joachim  |4 com 
245 1 |a Polymer-Blends :  |b Struktur.Eigenschaften.Verarbeitung /  |c Bearbeitet Jungnickel,Bernd-Joachim 
260 |a Munchen :  |b Carl Hanser Verlag,  |c 1990 
300 |a 501 s :  |b Index 
830 0 |a Polydoc Polymerwerkstoffe in Dokumentationen 
996 |b C92524  |c C*92524  |l CCXXIVB  |s P  |a 0  |w stu22195_0001